[Event "Udine Tre Circoli op"]
[Site "Udine"]
[Date "2012.02.25"]
[Round "5"]
[White "De Nardo, Elena"]
[Black "Stefanutti, Piero"]
[Result "1-0"]
[WhiteElo "1520"]
[BlackElo "1501"]
[PlyCount "113"]
[EventDate "2012.01.21"]
[EventType "swiss"]
[EventRounds "7"]
[EventCountry "ITA"]
[SourceTitle "EXT 2014"]
[Source "ChessBase"]
[SourceDate "2013.11.20"]
[SourceVersion "1"]
[SourceVersionDate "2013.11.20"]
[SourceQuality "1"]

1. d4 Nf6 2. c4 e6 3. Nc3 Bb4 4. a3 Bxc3+ 5. bxc3 c5 6. Nf3 Nc6 7. e3 b6 8. Bd3 d6 9. e4 e5 10. Bc2 Bd7 11. d5 Na5 12. Qe2 h6 13. 0-0 g6 14. Ne1 Qe7 15. Rb1 0-0-0 16. Bb3 g5 17. Nc2 g4 18. Ne3 Rdg8 19. g3 h5 20. Ng2 Nh7 21. f3 Ng5 22. Bxg5 Qxg5 23. f4 exf4 24. Rxf4 f6 25. Nh4 Qe5 26. Qc2 Rh7 27. Rbf1 Rf7 28. Nf5 Rg6 29. Nh4 Rh6 30. Kg2 Kc7 31. Nf5 Rg6 32. Nh4 Rh6 33. Rb1 Qe8 34. Nf5 Rg6 35. Nh4 Rh6 36. Qd2 Qh8 37. Bc2 Qf8 38. Bd3 Qh8 39. Rf2 Qf8 40. e5 dxe5 41. Nf5 Bxf5 42. Rxf5 Kd6 43. Rf2 h4 44. Be2 hxg3 45. Kxg3 Qh8 46. Bxg4 Rg7 47. Rbf1 Rh3+ 48. Kg2 Rxg4+ 49. Kh1 Rg6 50. Qc2 Qg7 51. Qf5 Rhh6 52. Qe6+ Kc7 53. d6+ Kd8 54. Rd1 Qf8 55. d7 Qe7 56. Qxe7+ Kxe7 57. d8Q+ 1-0

[Event "Mogliano Veneto op-C 32nd"]
[Site "Mogliano Veneto"]
[Date "2011.05.01"]
[Round "5"]
[White "Serradura, Gianluca"]
[Black "Stefanutti, Piero"]
[Result "0-1"]
[WhiteElo "1469"]
[BlackElo "1392"]
[PlyCount "74"]
[EventDate "2011.04.29"]
[EventType "swiss"]
[EventRounds "5"]
[EventCountry "ITA"]
[SourceTitle "EXT 2024"]
[Source "ChessBase"]
[SourceDate "2023.10.10"]
[SourceVersion "1"]
[SourceVersionDate "2023.10.10"]
[SourceQuality "1"]

1. Nf3 Nf6 2. g3 b6 3. d3 Bb7 4. Bg2 e6 5. 0-0 Be7 6. e4 d6 7. Nbd2 e5 8. Ne1 0-0 9. f4 exf4 10. gxf4 Nbd7 11. f5 d5 12. Qe2 Bd6 13. exd5 Bxd5 14. Bxd5 Nxd5 15. Ndf3 Re8 16. Qg2 Nf4 17. Bxf4 Bxf4 18. Nd4 Be3+ 19. Kh1 Bxd4 20. Rf4 Bf6 21. Nf3 Nf8 22. Rg1 g6 23. Rg4 Qd5 24. c4 Qxf5 25. Rf1 Bg7 26. Ne1 Qd7 27. Nc2 Qxd3 28. Qf2 f5 29. b3 fxg4 30. Qf7+ Kh8 31. Nb4 Qe4+ 32. Kg1 Qe3+ 33. Kh1 g3 34. Nd5 Qe4+ 35. Kg1 Bd4+ 36. Rf2 Bxf2+ 37. Kf1 Qh1# 0-1

[Event "Udine Ruzzier Memorial 3rd"]
[Site "Udine"]
[Date "2007.10.06"]
[Round "3"]
[White "Stefanutti, Piero"]
[Black "Bisaro, Andrea"]
[Result "0-1"]
[WhiteElo "1371"]
[BlackElo "1545"]
[PlyCount "86"]
[EventDate "2007.09.22"]
[EventType "swiss"]
[EventRounds "4"]
[EventCountry "ITA"]
[SourceTitle "EXT 2010"]
[Source "ChessBase"]
[SourceDate "2010.11.25"]
[SourceVersion "1"]
[SourceVersionDate "2010.11.25"]
[SourceQuality "1"]

1. e4 Nf6 2. e5 Nd5 3. d4 d6 4. Nf3 Nc6 5. Be2 Bg4 6. exd6 exd6 7. 0-0 Be7 8. c4 Nb6 9. b3 0-0 10. Bb2 Bf6 11. Nbd2 Bf5 12. a3 Ne7 13. Re1 Ng6 14. Nf1 Nf4 15. Ne3 Nxe2+ 16. Rxe2 Bd7 17. Qd3 Re8 18. Rae1 a6 19. c5 Bb5 20. Nc4 Rxe2 21. Qxe2 dxc5 22. dxc5 Bxb2 23. Qxb2 Nxc4 24. bxc4 Bxc4 25. Qe5 c6 26. Qe7 Qxe7 27. Rxe7 Rb8 28. Ne5 Be6 29. f4 Kf8 30. Rc7 Ke8 31. g4 Kd8 32. Rxf7 Bxf7 33. Nxf7+ Ke7 34. Ng5 h6 35. Ne4 Rd8 36. g5 hxg5 37. fxg5 Rd4 38. Nd6 Rxd6 39. cxd6+ Kxd6 40. h4 Ke5 41. Kf2 Kf5 42. Kf3 c5 43. Ke3 Kg4 0-1

[Event "Udine Ruzzier Memorial 3rd"]
[Site "Udine"]
[Date "2007.09.22"]
[Round "1"]
[White "Gentile, Bruno"]
[Black "Stefanutti, Piero"]
[Result "0-1"]
[WhiteElo "1449"]
[BlackElo "1371"]
[PlyCount "38"]
[EventDate "2007.09.22"]
[EventType "swiss"]
[EventRounds "4"]
[EventCountry "ITA"]
[SourceTitle "EXT 2010"]
[Source "ChessBase"]
[SourceDate "2010.11.25"]
[SourceVersion "1"]
[SourceVersionDate "2010.11.25"]
[SourceQuality "1"]

1. d4 Nf6 2. c4 g6 3. Nc3 Bg7 4. Nf3 0-0 5. e3 d6 6. Be2 c5 7. 0-0 Na6 8. a3 Rb8 9. d5 e6 10. e4 exd5 11. exd5 Nc7 12. Bg5 Bg4 13. Qd2 Re8 14. Rfe1 Qd7 15. b4 b6 16. Nd1 Ne4 17. Qa2 Bxf3 18. gxf3 Nxg5 19. f4 Nh3+ 0-1

[Event "Treviso U2100 op"]
[Site "Treviso"]
[Date "2005.12.03"]
[Round "1.20"]
[White "Stefanutti, Piero"]
[Black "Pelosin, Matteo"]
[Result "0-1"]
[WhiteElo "1461"]
[BlackElo "1769"]
[PlyCount "54"]
[EventDate "2005.12.03"]
[EventType "swiss"]
[EventRounds "5"]
[EventCountry "ITA"]
[SourceTitle "EXT 2024"]
[Source "ChessBase"]
[SourceDate "2023.10.10"]
[SourceVersion "1"]
[SourceVersionDate "2023.10.10"]
[SourceQuality "1"]

1. e4 e6 2. d4 d5 3. Nc3 Nf6 4. Bd3 Bb4 5. Bg5 h6 6. Bxf6 gxf6 7. Nge2 c5 8. Bb5+ Bd7 9. 0-0 Bxb5 10. Nxb5 Qb6 11. a3 Qxb5 12. axb4 cxb4 13. exd5 Qxd5 14. Qd2 Nc6 15. c3 Na5 16. Qe3 Nc4 17. Qc1 b3 18. Nf4 Qf5 19. Re1 Rg8 20. Ra4 b5 21. Rb4 a5 22. Rxb3 a4 23. Rb4 Rg4 24. Nh3 Kd7 25. Re2 Rxg2+ 26. Kxg2 Rg8+ 27. Kh1 Qf3# 0-1

[Event "Treviso WE op 28th"]
[Site "Treviso"]
[Date "2004.12.08"]
[Round "4.31"]
[White "Cosma, Bruno"]
[Black "Stefanutti, Piero"]
[Result "1-0"]
[WhiteElo "1558"]
[BlackElo "1440"]
[PlyCount "83"]
[EventDate "2004.12.04"]
[EventType "swiss"]
[EventCountry "ITA"]
[SourceTitle "EXT 2024"]
[Source "ChessBase"]
[SourceDate "2023.10.10"]
[SourceVersion "1"]
[SourceVersionDate "2023.10.10"]
[SourceQuality "1"]

1. Nf3 Nf6 2. c4 g6 3. g3 Bg7 4. Bg2 0-0 5. 0-0 d6 6. d3 a6 7. Nc3 Nbd7 8. Bd2 c6 9. Qc1 Re8 10. Bh6 Bh8 11. Rb1 d5 12. b3 Nh5 13. cxd5 cxd5 14. Nxd5 Nhf6 15. Nc7 Nb6 16. Nxa8 Nxa8 17. Qc5 b6 18. Qc2 Be6 19. Rbc1 Nd5 20. Bd2 Nac7 21. e4 a5 22. exd5 Nxd5 23. Ng5 Bf5 24. Be4 h6 25. Bxf5 gxf5 26. Nh3 Nb4 27. Bxb4 axb4 28. Qc4 Qd6 29. Rfd1 Ra8 30. Qc6 Rxa2 31. Qxd6 exd6 32. Rc6 Rb2 33. Rxd6 Bc3 34. d4 Rxb3 35. Rxb6 Rb2 36. d5 Ra2 37. d6 Ra3 38. d7 b3 39. d8Q+ Kg7 40. Qd6 Ra1 41. Qxh6+ Kg8 42. Rb8# 1-0

[Event "Treviso WE op 28th"]
[Site "Treviso"]
[Date "2004.12.05"]
[Round "2.35"]
[White "Stefanutti, Piero"]
[Black "Vascellari, Giorgio"]
[Result "1-0"]
[WhiteElo "1440"]
[BlackElo "1508"]
[PlyCount "49"]
[EventDate "2004.12.04"]
[EventType "swiss"]
[EventCountry "ITA"]
[SourceTitle "EXT 2024"]
[Source "ChessBase"]
[SourceDate "2023.10.10"]
[SourceVersion "1"]
[SourceVersionDate "2023.10.10"]
[SourceQuality "1"]

1. c4 Nc6 2. Nc3 e6 3. Nf3 Nf6 4. g3 d6 5. Bg2 Bd7 6. 0-0 Be7 7. d4 d5 8. a3 dxc4 9. Re1 0-0 10. e4 Bc8 11. Bf1 Na5 12. Rb1 b6 13. Ne5 Nb3 14. Nc6 Qd7 15. Nxe7+ Qxe7 16. Bxc4 Nxc1 17. Rxc1 Qd8 18. b4 Bb7 19. b5 a6 20. a4 axb5 21. axb5 Ra3 22. e5 Nd7 23. Nb1 Ra1 24. Qc2 Qa8 25. Bf1 1-0